000 00191 a2200097 4500
001 25868
100 _aEliot, G
245 _aMiddlemarch
260 _a
_bOxford
_c1956
090 _c17486
_d17486
942 _aNUST-CAE
_cM
_c8320
999 _c260941
_d260941